| 000 | 00809nas a2200277 4500 | ||
|---|---|---|---|
| 001 | BR2013009041 | ||
| 003 | BR-BrBNA | ||
| 005 | 20231205123211.0 | ||
| 007 | ta | ||
| 008 | 230509b bl.|||p| |||| 00| 00por d | ||
| 040 |
_aBR-BrBNA _bpor _cBiblioteca Nacional de Agricultura |
||
| 041 | _a(Pt) | ||
| 072 | _aF70 | ||
| 100 | 1 | _aMoura, O.S. de | |
| 100 | 1 | _aBorges, A.L.I. | |
| 100 | 1 | _aBrito, E. da S. | |
| 245 | 1 | _aBrioflora (Bryophyta e Marchantiophyta)da Ilha do Combu, Belém, PA, Brasil | |
| 650 | _aBRIÓFITA | ||
| 650 | _aMUSGO | ||
| 650 | _aDISTRIBUIÇÃO GEOGRÁFICA | ||
| 650 | _aTAXONOMIA VEGETAL | ||
| 650 | _aPARÁ | ||
| 773 | 0 |
_tHoehnea (Brazil) _xISSN 0073-2877 _g(Mar 2013), v. 40(1) p. 143-165 _wBR2013009041 |
|
| 909 |
_a202311 _bLúcia _c55 _dLúcia Elande |
||
| 942 |
_2AGRIS _n0 _cANA |
||
| 999 |
_c232663 _d232663 |
||